Toutes les musiques de Jack Uzi - Statistiques

Statistiques générales
  • Ce quiz a été pris 14 fois
  • Le résultat moyen est 17 sur 44
Statistiques - réponses
Date de sortie Titre % Correct
18 Novembre 2020 Jack de la Tourette
73%
17 Février 1023 Jack de la Tourette pt.2
73%
9 Octobre 2020 Uzi Drill
73%
10 Mars 2023 Uzi Drill 10
73%
28 Mai 2023 Uzi Drill 11
73%
8 Septembre 2023 Uzi Drill 12
73%
9 Décembre 2020 Uzi Drill 2
73%
3 Février 2021 Uzi Drill 3
73%
30 Juin 2021 Uzi Drill 4
73%
3 Septembre 2021 Uzi Drill 5
73%
12 Janvier 2022 Uzi Drill 7
73%
8 Avril 2022 Uzi Drill 8
73%
10 Septembre 2022 Uzi Drill 9
73%
7 Août 2020 Freestyle 2 LÉTÉ (2020)
64%
6 Août 2021 Freestyle 2 LÉTÉ (2021)
64%
21 Juillet 2022 Freestyle 2 LÉTÉ (2022)
64%
1 Juillet 2023 Freestyle 2 LÉTÉ (2023)
64%
2 Août 2024 Freestyle 2 LÉTÉ (2024)
64%
21 Avril 2023 Bukkake
45%
4 Novembre 2022 Dieu
36%
6 Juillet 2022 Hiroshima / Amen
36%
4 Mai 2022 Jesus Drift
36%
29 Octobre 2021 NTM
36%
25 Décembre 2020 Freestyle 2 L'HIVERE
27%
25 Février 2022 Freestyle 2 L'HIVERE (2022)
27%
1 Décembre 2021 La Aisne
27%
20 Janvier 2023 Saint Jack
27%
17 Avril 2020 Carré VIP
18%
20 Octobre 2023 Sobieski
18%
5 Mars 2021 4ème Dimension
9%
17 Avril 2020 4ème Dimension
9%
1 Avril 2023 Chanson Douce
9%
13 Avril 2021 KCDQ
9%
17 Avril 2020 Ma Gadji
9%
17 Avril 2020 Partoutatis
9%
1 Avril 2024 Poison d'Avril
9%
4 Juin 2022 Rien à Foute
9%
24 Septembre 2021 Aller tous vous faire enc*ler
0%
4 Novembre 2018 Conexion Freestyle
0%
28 Avril 2021 Écoute bien
0%
20 Mai 2024 Gangsta Killer Freestyle
0%
1 Mars 2024 Gros Freestyle dans vos chattes de s*lopes
0%
21 Août 2023 Intestable
0%
17 Avril 2020 RSA
0%
Aucun quiz correspondant
Distribution des résultats
% des personnes avec chaque résultat
Percentile par nombre de réponses
Votre historique - résultats
Vous n’avez pas pris ce quiz